| 000 | 01180cam a2200337 a 4500 | ||
|---|---|---|---|
| 001 | 3367929 | ||
| 003 | OSt | ||
| 005 | 20140310182122.0 | ||
| 008 | 870806s1987 nyu j 001 0 eng | ||
| 010 | _a 87019446 | ||
| 020 |
_a0764101641(pbk.) : _c$7.95 |
||
| 040 |
_aDLC _cDLC _dDLC |
||
| 042 | _alcac | ||
| 050 | 0 | 0 |
_aPE 1121 _b.B694 1997 |
| 082 | 0 | 0 |
_aHS 808.042 _bB78 1997 |
| 100 | 1 |
_aBromberg, Murray. _92557 |
|
| 245 | 1 | 4 |
_aThe English you need to know / _cMurray Bromberg, Julius Liebb. |
| 260 |
_aNew York : _bBarron's Educational Series, Inc., _cc1997. |
||
| 300 |
_a204 p. : _c28 cm. |
||
| 500 | _aIncludes index. | ||
| 520 | _aA writing and grammar textbook for the development of reading and composition skills and the introduction of basic grammar and usage. | ||
| 650 | 0 |
_aReaders. _914099 |
|
| 650 | 0 |
_aEnglish language _xGrammar. _914100 |
|
| 650 | 0 |
_aEnglish language _xComposition and exercises. _914101 |
|
| 650 | 1 |
_aEnglish language _xComposition and exercises. _914102 |
|
| 650 | 1 |
_aEnglish language _xGrammar. _914103 |
|
| 700 | 1 |
_aLiebb, Julius. _914104 |
|
| 906 |
_a7 _bcbc _corignew _d1 _eocip _f19 _gy-gencatlg |
||
| 942 |
_2lcc _cHS |
||
| 999 |
_c9559 _d9559 |
||